000 00328nam a22001337a 4500
008 250407b |||||||| |||| 00| 0 eng d
020 _a0314067493
050 _aHJ257
_b.H65
100 _aHOLCOMBE G. Randall
245 _aPublic Finance
260 _aUSA.
_bWest Publishing Company
_c1996
300 _axviii, 544p.
942 _cBK
999 _c2912
_d2912